| 000 | 00949cam a2200325 i 4500 | ||
|---|---|---|---|
| 999 |
_c200451155 _d69367 |
||
| 001 | 200451155 | ||
| 003 | TR-AnTOB | ||
| 005 | 20240429084524.0 | ||
| 007 | ta | ||
| 008 | 870928m19649999sz ak 000 0 eng | ||
| 010 | _al 65000211 | ||
| 035 | _a(OCoLC)16761139 | ||
| 035 | _a(TR-AnTOB)200451155 | ||
| 040 |
_aDLC _beng _erda _cOrPS _dDLC _dTR-AnTOB |
||
| 041 | 0 | _aeng | |
| 050 | 0 | 4 |
_aHD6331.A1 _bI58 |
| 090 |
_aHD6331.A1 _bI58 |
||
| 110 | 2 |
_aInternational Labour Office _927101 |
|
| 245 | 1 | 0 | _aLabour and automation. |
| 264 | 1 |
_a[Geneva : _bInternational Labour Office, _c1964-] |
|
| 300 |
_avolumes : _billustrations, forms ; _c24 cm |
||
| 336 |
_atext _btxt _2rdacontent |
||
| 337 |
_aunmediated _bn _2rdamedia |
||
| 338 |
_avolume _bnc _2rdacarrier |
||
| 650 | 0 |
_aAutomation _xEconomic aspects _9138490 |
|
| 650 | 0 |
_aAutomation _xSocial aspects _9113463 |
|
| 942 |
_2lcc _cBK |
||